Manufacturing processes

Enregistré dans:
Détails bibliographiques
Auteurs principaux: Begeman, Myron Louis (Auteur), Amstead, B. H (Auteur)
Format: Livre
Langue:anglais
Publié: Nueva York John Wiley 1963
Édition:5a. ed
Sujets:
Tags: Ajouter un tag
Pas de tags, Soyez le premier à ajouter un tag!

MARC

LEADER 00000nam a2200000 a 4500
001 UCV8875
003 CL-VaPUC
008 920124e19630000US |||||||||||||||||eng|d
082 0 4 |a 671.3  |b BEG  |2 21 
100 0 |a Begeman, Myron Louis  |e author  |9 302856 
700 0 |a Amstead, B. H  |e author  |9 302857 
245 1 0 |a Manufacturing processes 
250 |a 5a. ed 
300 |a 666 p 
942 |c BK 
945 |d 19920124 00:00:00 
260 |a Nueva York  |b John Wiley  |c 1963 
650 0 |a Procesos de manufactura  |9 259371 
583 |a last modification  |c 19920124 00:00:00  |k Rodrigo Vera 
999 |c 214301  |d 214299 
952 |0 0  |1 0  |4 0  |6 671_300000000000000_BEG_1963  |7 0  |8 A  |9 197534  |a BIBARQ  |b BIBARQ  |d 2019-11-14  |i 2652056  |o 671.3 BEG 1963  |p 2652056  |r 2025-01-20  |w 2019-11-14  |y BK  |k ARQ